000 00657nam a22002057a 4500
005 20251108173704.0
008 250721s2007 xx 000 0 ara d
082 1 4 _a928.11/مطل
100 1 _aمطلوب، أحمد
245 1 0 _aالعارف عبد الغني النابلسي : حياته وشعره /
264 1 _aعمان :
_bالمركز القومي للنشر،
_c2007.
300 _a290 ص.
650 1 7 _aالشعراء العرب
650 1 7 _aالتراجم
650 1 7 _aالتصوف الإسلامي
650 1 7 _aالطرق الصوفية
700 1 _aالتميمي، محمد تيسير
942 _2ddc
_cBK
999 _c110022
_d110022